| 000 | 00432nam a2200169Ia 4500 | ||
|---|---|---|---|
| 003 | SGT | ||
| 020 | _a9788131707432 | ||
| 082 |
_a510.2855369 _bHAN |
||
| 100 | _aHanselman, Duane C | ||
| 245 | _aMastering MATLAB 7 | ||
| 260 |
_bPearson _aN.Delhi _c2008 |
||
| 300 | _a864p. | ||
| 650 | _aCOMPUTER SCIENCE | ||
| 653 | _aGETTING STARTED STARTED, BASIC FEATURES, THE MATLAB DESKTOP | ||
| 700 | _aLittlefield, Bruce | ||
| 942 |
_2ddc _cBK |
||
| 999 |
_c5714 _d5714 |
||